00500nam a22001697a 4500003000700000005001700007008004100024020002200065082001500087100003800102245005600140250001700196260006100213300000800274490002300282650002500305MPLRDC20220104200307.0210129b ||||| |||| 00| 0 eng d a978-986-320-689-7 a874.4 WIN  a欧普拉.温芙蕾 OPRAH WINFREY a关于人生,我确实知道......c沈维君 译 a一版三刷 a台湾b远见天下文化出版股份有限公司c2015 b平 a心理励志 BP360 a美国文学--别集